Quantum fields /

Bibliographic Details
Main Author: Bogoli͡ubov, N. N. (Nikolaĭ Nikolaevich), 1909-1992
Other Authors: Shirkov, D. V. (Dmitriĭ Vasilʹevich)
Format: Book
Language:English
Published: Reading, Mass. : Benjamin/Cummings, Advanced Book Program/World Science Division, 1982
Edition:1st English ed. /
Subjects:

MARC

Tag First Indicator Second Indicator Subfields
LEADER 00000pam a2200000 a 4500
001 in00000341908
005 20151011053105.0
008 820402c1982 maua b 00110 eng
010 |a  82004366  
020 |a 0805309837 
035 |a (OCoLC)08388186 
035 |9 ABL6065AM 
039 0 |a 2  |b 3  |c 3  |d 3  |e 3 
040 |a DLC  |c DLC  |d TXA  |d UtOrBLW 
041 1 |a eng  |h rus 
049 |a TXAM  |c [803381] 
050 0 0 |a QC174.45  |b  B5813 1983 
082 0 |a 530.1/43  |2 19 
100 1 |a Bogoli͡ubov, N. N.  |q (Nikolaĭ Nikolaevich),  |d 1909-1992. 
240 1 0 |a Kvantovye poli͡a.  |l English 
245 1 0 |a Quantum fields /  |c N.N. Bogoliubov, D.V. Shirkov. 
250 |a 1st English ed. /  |b authorized translation from the Russian edition by D.B. Pontecorvo. 
264 1 |a Reading, Mass. :  |b Benjamin/Cummings, Advanced Book Program/World Science Division,  |c 1982 
264 4 |c ©1983 
300 |a xv, 388 pages :  |b illustrations ;  |c 25 cm. 
336 |a text  |b txt  |2 rdacontent 
337 |a unmediated  |b n  |2 rdamedia 
338 |a volume  |b nc  |2 rdacarrier 
500 |a Translation of: Kvantovye polia. 
500 |a Includes index. 
504 |a Bibliography: pages 383-384. 
650 0 |a Quantum field theory. 
700 1 |a Shirkov, D. V.  |q (Dmitriĭ Vasilʹevich) 
999 |a MARS 
999 f f |s 57c4fc52-80a3-3275-99ba-f5c434e08d74  |i c32b4a7d-87cf-39b8-a90c-c971eb6c3585  |t 0 
952 f f |p normal  |a Texas A&M University  |b College Station  |c Sterling C. Evans Library  |d Evans: Library Stacks  |t 0  |e QC174.45 B5813 1983  |h Library of Congress classification  |i unmediated -- volume  |m A14807233619 
998 f f |a QC174.45 B5813 1983  |t 0  |l Evans: Library Stacks